000 01084nam0a2200337 4500
001 RU\NLR\BIBL_A\012440671
005 20210202171240.0
010 _a978-5-907313-52-1
_9500
021 _aRU
_bКН-П-20-058384
_9КН-П-20-4361
035 _a(NLR Aleph) 012440671
035 _a(RuMoRGB)010434664
090 _a11923990
_c11923990
100 _a20210126d2020 u y0rusy50 ca
101 0 _arus
102 _aRU
105 _ay|||z|||000ay
181 0 _ai
_baxxe
182 0 _an
200 1 _aТри прозы
_fЭдуард Кранк
203 _aТекст
_bвизуальный
_cнепосредственный
210 _aЧебоксары
_cСреда
_d2020
215 _a141, [2] с.
_d20
327 1 _aСодерж.: Опыт Каллиграфии; Башня; Пепел Августа
686 2 _aШ6(2=Р)8-440.4
700 1 _aКранк
_bЭ. О.
_gЭдуард Освальдович
942 _cBOOK
980 _aNBR
980 _aNB